Vom Nil aus um die alte Welt : Rekonstruktionen ägyptischer, minoischer und griechischer Schiffe /

محفوظ في:

مؤلفون مشاركون: Winckelmann-Memorialmuseum., Winckelmann-Gesellschaft.

مؤلفون آخرون: Kunze, Max (المحرر), Mählitz-Galler, Elke (المحرر), Schade, Kathrin (المحرر)

التنسيق: كتاب

اللغة: German

منشور في: Ruhpolding : Wiesbaden : Verlag Franz Philipp Rutzen ; In Kommission bei Harrassowitz Verlag, 2013.

الموضوعات:

الوسوم: إضافة وسم

لا توجد وسوم, كن أول من يضع وسما على هذه التسجيلة!

رقم الطلب: VM16 .V65

LEADER 01471nam a22003017a 4500
003 OSt
005 20251201090510.0
008 251201t20132013gw a bc 000 0 ger d
020 |a 9783447069564 
040 |c ARCE Library 
050 1 4 |a VM16  |b .V65 
245 0 0 |a Vom Nil aus um die alte Welt :   |b Rekonstruktionen ägyptischer, minoischer und griechischer Schiffe /   |c herausgegeben im Auftrag der Winckelmann-Gesellschaft von Max Kunze ; Autoren und Abkürzungen: Michael Bormann, Stephanie-Gerrit Bruer, Michael Haase, Frank Hildebrandt, Elke Mählitz-Galler, Axel Rügler, Veit Stürmer ; Redaktion des Katalogs: Kathrin Schade unter Mitwirkung von Elke Mählitz-Galler. 
264 1 |a Ruhpolding :   |b Verlag Franz Philipp Rutzen ;   |a Wiesbaden :   |b In Kommission bei Harrassowitz Verlag,   |c 2013. 
264 4 |c ©2013. 
300 |a 96 pages :   |b illustrations (some color) ;   |c 30 cm. 
500 |a Catalog of the exhibition in the Winckelmann-Museum, 27 April through 22 September 2013. 
504 |a Includes bibliographical references. 
650 0 |a Ships, Ancient -- Egypt -- Exhibitions. 
650 0 |a Ships, Ancient -- Greece -- Exhibitions. 
650 0 |a Ships, Ancient -- Models -- Exhibitions. 
700 1 |a Kunze, Max,   |e editor 
700 1 |a Mählitz-Galler, Elke,   |e editor 
700 1 |a Schade, Kathrin,   |e editor 
710 2 |a Winckelmann-Memorialmuseum. 
710 2 |a Winckelmann-Gesellschaft. 
901 |a reviewed 
942 |2 lcc  |c BK 
999 |c 49516  |d 49516